Le fiabe per... parlare di separazione (Record no. 210210)

MARC details
000 -LEADER
fixed length control field 01016nam a2200205Ia 4500
001 - CONTROL NUMBER
control field b6798-48823
003 - CONTROL NUMBER IDENTIFIER
control field IT-MiCISF
008 - FIXED-LENGTH DATA ELEMENTS--GENERAL INFORMATION
fixed length control field 161014s9999||||xx |||||||||||||| ||und||
040 ## - CATALOGING SOURCE
Original cataloging agency IT-MiCISF
Transcribing agency IT-MiCISF
041 ## - LANGUAGE CODE
Language code of text/sound track or separate title it
999 ## - SYSTEM CONTROL NUMBERS (KOHA)
Koha Dewey Subclass [OBSOLETE] si
100 ## - MAIN ENTRY--PERSONAL NAME
Personal name Genni Miliotti Anna
245 #0 - TITLE STATEMENT
Title Le fiabe per... parlare di separazione
Remainder of title Un aiuto per grandi e piccini
250 ## - EDITION STATEMENT
Edition statement 1a ed.
260 ## - PUBLICATION, DISTRIBUTION, ETC. (IMPRINT)
Place of publication, distribution, etc. Milano
Name of publisher, distributor, etc. Franco Angeli
Date of publication, distribution, etc. 2009
300 ## - PHYSICAL DESCRIPTION
Extent pp. 151
500 ## - GENERAL NOTE
General note / divorzio, figli-divorzio, rapporti-genitori-figli / Con una fiaba si può affrontare meglio la realtà, perché attraverso la fiaba il bambino può elaborare dolori e paure e può trovare vie per esternare i propri sentimenti. Il volume propone fiabe e testi (scritti non solo da adulti ma anche da bambini) che regalano emozioni, sorprese e allo stesso tempo strumenti utili ad affrontare o meglio comprendere un delicato momento come la separazione dei genitori.
650 ## - SUBJECT ADDED ENTRY--TOPICAL TERM
Topical term or geographic name as entry element Dinamiche familiari / divorzio
Relator term 001
942 ## - ADDED ENTRY ELEMENTS (KOHA)
Koha item type LIBRO
957 ## -
-- 1
999 ## - SYSTEM CONTROL NUMBERS (KOHA)
-- 1
Holdings
Withdrawn status Lost status Damaged status Not for loan Home library Current library Date acquired Total Checkouts Full call number Date last seen Price effective from Koha item type Public note
    Buone Condizioni Not For Loan CISF - Milano CISF - Milano 14/10/2016   b6798-48823 14/10/2016 14/10/2016 LIBRO Data import 15.10.2016 / by Epidotti, Vaglietti
CREDITS: SOCIETA' SAN PAOLO Via A.Severo, 58 - ROMA (RM) & PERIODICI SAN PAOLO SRL Via Giotto, 36 MILANO & CISF Via Giotto, 36 MILANO & EDIZIONI SAN PAOLO SRL,  Piazza Soncino, 5 CINISELLO BALSAMO (MI) -- ITALY